000 00264nam a22001217a 4500
082 _a823
_bPAI/V
100 _aPAI, ANAND
245 _aVALMIKI'S RAMAYANA
260 _aBOMBAY
_bINDIA BOOK HOUSE
_c1997
300 _a95
650 _aENGLISH STORY
_zINDIA
942 _cBK
999 _c7437
_d7437